Germanistische Forschungsfragen in Trnava, Ústí nad Labem und Wrocław II.

Bibliographic Details
Other Authors: Schuppener, Georg, 1968- (Compiler), Jičínská, Veronika (Compiler), Kałasznik, Marcelina (Compiler)
Format: Book
Language:German
PhysicalDescription:258 strán grafy, ilustrácie, tabuľky 21 cm
Published: Lepzig Leipziger Universitätsverlag 2021
ISBN:9783960233947
Series:Doktorandenforum Auslandsgermanistik
Subjects:

MARC

LEADER 00000cam a2200000 4500
001 vtls012066332
003 SK-MaSNL
005 20260301091159.0
008 210823s2021 gw dal frn 000 0 ger
015 |a SNBZSA2023/05 
020 |a 9783960233947  |q (brožované) 
040 |a SNK  |b slo  |c SNK  |e rda 
041 0 |a ger  |b eng 
044 |a gw  |c DE 
072 7 |a 80  |x Filológia  |2 konspekt 
072 7 |a 81  |x Lingvistika. Jazyky  |2 konspekt 
080 |a 80(=11)+908(4)  |2 2011 
080 |a 81'1  |2 2011 
080 |a 82.0  |2 2011 
080 |a (082)  |2 2011 
080 |a (048.8)  |2 2011 
245 0 0 |a Germanistische Forschungsfragen in Trnava, Ústí nad Labem und Wrocław  |n II.  |c G. Schuppener, V. Jičínska, M. Kałasznik (Hg.) 
264 1 |a Lepzig  |b Leipziger Universitätsverlag  |c 2021 
300 |a 258 strán  |b grafy, ilustrácie, tabuľky  |c 21 cm 
336 |a text  |b txt  |2 rdacontent 
337 |a bez média  |b n  |2 rdamedia 
338 |a zväzok  |b nc  |2 rdacarrier 
490 1 |a Doktorandenforum Auslandsgermanistik  |v Band 2 
504 |a Bibliografia za jednotlivými príspevkami. Bibliografické odkazy 
546 |a Anglické resumé 
650 0 7 |a germanistika  |2 SNKPH  |9 82402 
650 0 7 |a lingvistika  |2 SNKPH  |9 860 
650 0 7 |a literárna veda  |2 SNKPH  |9 1137 
650 0 7 |a Germanic studies  |2 SNKPHeng  |9 266004 
650 0 7 |a Linguistics  |2 SNKPHeng  |9 265222 
650 0 7 |a Study of literature  |2 SNKPHeng  |9 266360 
655 7 |a zborníky  |2 SNKPH  |9 70165 
655 7 |a Papers of several authors  |2 SNKPHeng  |9 153738 
655 7 |a štúdie  |2 SNKPH  |9 57033 
655 7 |a Studies  |2 SNKPHeng  |9 265573 
700 1 0 |a Schuppener, Georg,  |d 1968-  |4 com  |9 208936 
700 1 |a Jičínská, Veronika  |4 com  |9 117201 
700 1 |a Kałasznik, Marcelina  |4 com  |9 420042 
830 0 |a Doktorandenforum Auslandsgermanistik  |9 366043 
852 |a Slovenská národná knižnica 
919 |a 978-3-96023-394-7 
954 |a odborná, vedecká literatúra cudzojazyčná (svetová)  |2 lita 
954 |a odborná, vedecká literatúra pôvodná (slovenská)  |2 lita 
958 |a NB 
958 |a ZS 
999 |c 670488  |d 672418 
952 |a SNK  |b SNK  |y PREZ  |7 0  |p 17A1448226  |o snkSC 191028/2  |i snk2021/10755  |8 1  |0 0  |1 0  |4 0  |d 2021-08-23  |l 0  |r 2025-10-08 00:00:00  |w 2026-02-23